000 00476nam a22001457a 4500
008 160422b xxu||||| |||| 00| 0 eng d
020 _a1412033330
050 _aMT50
_b.J36 2005 c. 1
100 _aJamini, Deborah
245 _aHarmony and composition
_bbasics to intermediate
_cDeborah Jamini
260 _aCanada
_bTrafford publishing
_c2005
300 _axxv, 485 p.
_eAccompanied by DVD
650 _aMusic
942 _2lcc
_cBK
_hMT50 .J36 2005 c. 1
999 _c15931
_d15931